Statistics for Korean National Foundation Day

Click here to take the quiz!

General Stats

  • This quiz has been taken 10 times
  • The average score is 7 of 10

Answer Stats

QuestionAnswer% Correct
Which animal became human?bear
83%
When is the Korean National Foundation Day?October 3rd
83%
Gojoseon was founded in ____2333 BC
67%
Who founded the kingdom of Gojoseon?Dangun Wanggeom
67%
What is the national holiday called in Korean?Gaecheonjeol
67%
According to Korean mythology, who was the Lord of Heaven?Hwanin
67%
The holiday is celebrated in ____ (countries)South Korea, North Korea
67%
Which animals came to the Lord of Heaven's son?bear, tiger
50%
Who founded the city of Shinsi?Hwanung
50%
Where was Gojoseon located?northern Korea
50%

Score Distribution

Percentile by Number Answered

Percent of People with Each Score

Your Score History

You have not taken this quiz